000 00691nam a22002537a 4500
001 BR9500412
003 BR-BrBNA
005 20230928094424.0
007 ta
008 230509b bl.||||| |||| 00| 0 por d
040 _aBR-BrBNA
_bpor
_cBiblioteca Nacional de Agricultura
041 _a(Por)
072 _aE50
090 _ E50 BR9500412
110 1 _aInstituto Nacional de Colonizacao e Reforma Agraria, Rio de Janeiro, GB (Brasil)
_96447
245 1 _aAltamira 1
260 3 _aRio de Janeiro, GB (Brasil):
_c1972.
300 _a34 p.
650 _aProjeto de Desenvolvimento
650 _aColonizacao
650 _aPara
909 _a202309
_bLucia
_c55
_dLucia Elande
942 _cBK
999 _c50649
_d50649